000
00309 a2200145 4500
001
148874
040
_c
Escola São Tomás de Aquino
100
_a
QUEIRÓS, Bartolomeu Campos
240
1
0
_a
Raul
_l
por
245
1
0
_a
Raul
362
0
_a
1997
440
1
_a
Alis
697
_a
*LITERATURA INFANTO
942
_c
BK
999
_c
148874
_d
148874